|
|
|
|
| LEADER |
00847nam a2200241 a 4500 |
| 001 |
3140346 |
| 008 |
091019s2004 ii b 001 0 eng d |
| 010 |
|
|
|a 72917536
|
| 040 |
|
|
|a DLC
|c DLC
|d DLC
|
| 082 |
0 |
0 |
|a 340.59
|2 22
|
| 999 |
|
|
|c 5046
|d 5046
|
| 999 |
|
|
|c 5046
|
| 100 |
0 |
|
|a Khalid Rashid.
|9 16939
|
| 245 |
1 |
0 |
|a Muslim law \
|c by Syed Khalid Rashid, revised by V.P. Bharatiya
|
| 250 |
|
|
|a 4th ed.
|
| 260 |
|
|
|a Lucknow,
|b Eastern Book Co.
|c 2004
|
| 300 |
|
|
|a xx, 412 p.
|c 22 cm.
|
| 504 |
|
|
|a Includes bibliographical references and index.
|
| 541 |
1 |
|
|e 00012542
|
| 650 |
|
0 |
|a Islamic law
|z India.
|9 16940
|
| 852 |
4 |
|
|a Ayesha Abed Library
|j General Shelf
|
| 942 |
|
|
|2 ddc
|c BK
|
| 952 |
|
|
|0 0
|1 4
|2 ddc
|4 0
|6 340_590000000000000_KHA
|7 0
|9 4881
|a BRACUL
|b BRACUL
|c GEN
|d 2009-11-03
|g 293.00
|l 0
|o 340.59 KHA
|p 3010012542
|r 2009-11-03
|t 1
|w 2009-11-03
|y BK
|x Koha Inventory 2020
|